000 00380nam a2200169Ia 4500
008 230524s9999 xx 000 0 und d
020 _a8188429562
082 _a4
_bGAN
100 _aP.Radha Ganesan
245 0 _aV B Net
250 _a1ST
260 _aCHENNAI
_bScitech
_c2004
300 _a15.18+52+A7
500 _aQuantity Number: 3
650 _aComp-Sc
942 _cBK
999 _c26186
_d26186